| 000 | 01012cam a22002897a 4500 | ||
|---|---|---|---|
| 005 | 20220329141226.0 | ||
| 008 | 971010s1984 r 00010 d | ||
| 010 | _a64717 | ||
| 011 | _a65689 | ||
| 035 | _a72967 | ||
| 090 | _aTesis | ||
| 100 | 0 | 0 |
_aJiménez Victoria, José Luis. _961677 |
| 245 | 1 | 3 | _aEl alpiste (Phalaris canariensis L.) malas hierbas y su combate, en la Mixteca Oaxaqueña |
| 260 |
_aChapingo, Méx. : _bEl autor, _c1984 |
||
| 300 | _a102 h | ||
| 500 | _a1992-28 | ||
| 502 | _aTesis (Ing. Agr. Esp. en Fitotecnia) -- UACH. Departamento de Fitotecnia | ||
| 590 |
_aALEPH _b10 _c20130110 _lUCH01 _h1353 |
||
| 590 |
_aBATCH-UPD _b10 _c20130109 _lUCH01 _h2324 |
||
| 590 |
_aBATCH-UPD _b10 _c20130110 _lUCH01 _h2044 |
||
| 590 |
_aBATCH-UPD _b10 _c20130410 _lUCH01 _h1358 |
||
| 590 |
_aBATCH-UPD _b10 _c20130914 _lUCH01 _h0248 |
||
| 590 |
_aCONVERSION _b10 _c20130109 _lUCH01 _h1335 |
||
| 650 | 1 | 4 |
_aAlpiste _xMalas hierbas _xControl. _94639 |
| 901 | _aBK | ||
| 949 |
_bCR _cTESBD _d-5718 _eTS1 _h18 _i72967 _si |
||
| 999 |
_c64717 _d64717 |
||